00358nam a2200109Ia 4500008004100000082000800041100002100049245006000070942000600130952009700136999001500233240331s9999 xx 000 0 und d bJOT aJothilingam, S.A 0aIlangayin innaprachanayum arasiyal theervu yosanaihalum cL 001040708LaWERCLbWERCLcSSCd2024-03-31l0o 303.6 JOTp1936r2024-03-31w2024-03-31yL c1392d1392